| 000 | 01707cad a22003495a 4500 | ||
|---|---|---|---|
| 001 | 115676 | ||
| 005 | 20230323122238.0 | ||
| 008 | 130206s2016 xxk f 000 0 eng d | ||
| 020 | _a9781783211227 | ||
| 035 | _a(Sirsi) u159101 | ||
| 041 | 0 | _aeng | |
| 050 | 0 | 4 | _a306.2 |
| 110 | 2 |
_aRoyal Institution of Chartered Surveyors _94900 |
|
| 245 |
_aHealth and safety for residential property managers _h[electronic resource] |
||
| 260 |
_aLondon _bRICS _c2016 |
||
| 300 | _a80p. | ||
| 490 | 0 | _aRICS Guidance Note | |
| 520 | _aEffective from 1 August 2016. Sets out practical guidance around the health and safety management of most types and configurations of residential properties. Aims to assist those responsible to be able to ensure, at all times, that the properties and, if appropriate, the facilities management services delivered meet all statutory obligations (note that you will need to check legal requirements in each relevant jurisdiction), as well as good practice in regard to health, safety and environmental matters. | ||
| 590 | _aKA | ||
| 650 | 2 | 4 | _aRISK ASSESSMENT |
| 650 | 2 | 4 | _aLANDLORD AND TENANT (COVENANTS) ACT 1995 S20 |
| 650 | 2 | 4 | _aHOUSING HEALTH AND SAFETY RATING SYSTEM |
| 650 | 2 | 4 | _aHEALTH AND SAFETY AT WORK |
| 650 | 2 | 4 | _aLETTING AGENTS |
| 650 | 2 | 4 | _aHEALTH AND SAFETY MANAGEMENT SYSTEMS |
| 651 | 4 | _aUnited Kingdom | |
| 690 |
_aFacilities management _96240 |
||
| 690 |
_aResidential property _96266 |
||
| 690 |
_aHealth and safety _96244 |
||
| 856 | 4 | 0 |
_uhttps://www.rics.org/profession-standards/rics-standards-and-guidance/sector-standards/real-estate-standards/health-and-safety-for-residential-property-managers _zAvailable on RICS.org |
| 942 |
_n0 _2ddc |
||
| 999 |
_c115676 _d115676 |
||